000
00209nam a2200097Ia 4500
008
240331s9999 xx 000 0 und d
082
_b
WOM
100
_a
DCE. ed
245
0
_a
Women at work in Denmark
942
_c
L
999
_c
2702
_d
2702